El general en su laberinto
Novela histórica que hace referencia al político y militar Simón Bolívar conocido por su importante papel dentro de la independencia de Colombia y Bolivia de los españoles. La historia se centra en el último viaje de este personaje.
Sparad:
| Huvudupphovsman: | |
|---|---|
| Materialtyp: | Bok |
| Publicerad: |
Bogotá, Colombia
Editorial La Oveja Negra
1989
|
| Ämnen: | |
| Taggar: |
Lägg till en tagg
Inga taggar, Lägg till första taggen!
|
MARC
| LEADER | 00000nam a2200000Ia 4500 | ||
|---|---|---|---|
| 008 | 170316s9999 xx 000 0 esp d | ||
| 040 | |a cru BVZT | ||
| 090 | |a 860 G-12g | ||
| 100 | |a García Márquez, Gabriel |9 985 | ||
| 245 | |a El general en su laberinto |c / Gabriel García Márquez | ||
| 260 | |a Bogotá, Colombia |b Editorial La Oveja Negra |c 1989 | ||
| 300 | |a 285 páginas | ||
| 520 | |a Novela histórica que hace referencia al político y militar Simón Bolívar conocido por su importante papel dentro de la independencia de Colombia y Bolivia de los españoles. La historia se centra en el último viaje de este personaje. | ||
| 650 | |a LITERATURA LATINOAMERICANA |9 15 | ||
| 650 | |a NOVELA |9 13 | ||
| 999 | |c 30871 |d 30871 | ||
| 942 | |c 15 D |h 860 G-12g |2 z | ||
